000 00506nam a2200193Ia 4500
005 20250508163256.0
008 008 250505s9999 xx 000 0 eng d
037 _aTextual
040 _aFEDL
_beng
_cFEDL
041 _aeng
_2eng
084 _a370, RUV
_qFEDL
100 _aRuvinsky L. I.
_9775022
245 0 _aActiveness and self education
260 _aMoscow
_bProgress Publishers
300 _a130p
650 _aEducation
942 _cTEXL
_h370, RUV
999 _c1381963
_d1381963